Separácia enantiomérov niektorých derivátov organických látok metódou HPLC-štúdium interakčných mechanizmov, kinetika rozkladu v biologickom materiáli

Enregistré dans:
Détails bibliographiques
Auteur principal: Rojkovičová, Tatiana
Format: Livre
Langue:slovaque
Publié: Bratislava STU FCHPT 2004
Édition:1. vyd.
Accès en ligne:Voir à l'OPAC
Tags: Ajouter un tag
Pas de tags, Soyez le premier à ajouter un tag!

MARC

LEADER 00000nam a2200000 a 4500
005 20260127134058.0
008 050317 2004 xo 000 0 slo d
035 |a vtls001520208 
039 9 |y 200503171204  |z mschk03 
040 |a STUSCHK1  |b slo  |c STUSCHK1  |e AACR2 
100 1 |a Rojkovičová, Tatiana  |9 550 
245 1 |a Separácia enantiomérov niektorých derivátov organických látok metódou HPLC-štúdium interakčných mechanizmov, kinetika rozkladu v biologickom materiáli 
250 |a 1. vyd. 
260 |a Bratislava  |b STU FCHPT  |c 2004 
300 |a 37 s. + príloha 
500 |a Obháj.: 10.11. 2004. Katedra analytickej chémie 
910 |a SCHK95 
999 |c 3572  |d 3572